00550nam a2200193 a 4500001001300000003000900013005001700022008004100039020002500080082001300105100001800118245007700136260004400213300000900257500003500266505001000301650002700311700001800338nice12345678IN_TiNIC20260116013049.0050524s1988 newa grp 000 0 eng  a0300122 c857.500a959bREI aReid, Anthony aSoutheast Asia in the Age of Commerce 1450-1680b Expansion & Crisis V.2 aNew HavenbYale University Press c1988 a390p aincludes index and biblioraphy2 aIndex aAsia-Southeast-history1 aReid, Anthony